Запись по подсчету голосов при баллотировке по выборам председателя и президиума I Государственной Думы произведена князем Н. Н....

Доступно только в Электронных читальных залах Найти на картеНа карте
RUSMARC
00003697nac2a22002411x 450
001dd50255d-e13b-44ba-907e-6b8a00c302b5
00520131127101110.0
100##$a20130529l1906 k y0rusy50 ca
1010#$arus
102##$aRU
105##$ay z |||||
2001#$aЗапись по подсчету голосов при баллотировке по выборам председателя и президиума I Государственной Думы произведена князем Н. Н. Долгоруковым
$j1901
215##$a4 листа
251##$cДело
300##$aРукописный текст
461#0$1001b93987b0-497b-45ac-815e-da375216da3a
$12001
$aМуромцев Сергей Андреевич, юрист, публицист, земский деятель, председатель I государственной думы, профессор московского университета, член центрального комитета конституционно-демократической партии
$1251
$cФонд
$1852
$j575
462#0$1001a66574ad-a41b-49dd-93cb-e232cbca1105
$12001
$aМуромцев Сергей Андреевич
$1251
$cОпись
$1852
$j1
600#1$aДолгоруков
$bН. Н.
$cкн.
600#1$aМуромцев
$bС. А.
$f1850-1910
$gСергей Андреевич
60101$3RU\NLR\AUTH\8823402
$aРоссия
$bГосударственная Дума
$bСозыв
$c1
801#0$aRU
$bGA_RF
801#1$aRU
$bНПО Опыт
$c20130529
$2rusmarc
801#2$aRU
$bПБ им. Б.Н. Ельцина
$c20131127
$gRCR
$2rusmarc
852##$aГА РФ
$j9
937##$d42090526
$hПБ
035##$aRuPRLIB51000210
Формат отображения